[Event "Stay Safe Play From Home 387"]
[Site "Emanuel Lasker Arena"]
[Date "2020.08.16"]
[Round "7"]
[White "SelamiSahin"]
[Black "Haris kollari 13"]
[Result "1-0"]
[WhiteElo "2165"]
[BlackElo "1885"]
[Annotator "NA RC"]
[PlyCount "125"]
[EventDate "2020.08.16"]
[EventType "swiss (blitz)"]

{Yarar, Atakan} 1. d4 {[%emt 0:00:02]} d5 {[%emt 0:00:20]} 2. c4 {[%emt 0:00:02]} e5 {[%emt 0:00:01]} 3. dxe5 {[%emt 0:00:03]} d4 {[%emt 0:00:01]} 4. Nf3 {[%emt 0:00:02]} Nc6 {[%emt 0:00:01]} 5. a3 {[%emt 0:00:03]} Bg4 {[%emt 0:00:01]} 6. Nbd2 {[%emt 0:00:05]} Qe7 {[%emt 0:00:08]} 7. Qb3 {[%emt 0:00:01]} O-O-O {[%emt 0:00:02]} 8. h3 {[%emt 0:00:08]} Bh5 {[%emt 0:00:06]} 9. Qa4 {[%emt 0:00:18]} Kb8 {[%emt 0:00:02]} 10. b4 {[%emt 0:00:01]} Nxe5 {[%emt 0:00:02]} 11. Nxe5 {[%emt 0:00:06]} Qxe5 {[%emt 0:00:01]} 12. Bb2 {[%emt 0:00:06]} Nf6 {[%emt 0:00:08]} 13. g4 {[%emt 0:00:03]} Bg6 {[%emt 0:00:03]} 14. Nf3 {[%emt 0:00:01]} Qe4 {[%emt 0:00:12]} 15. Rd1 {[%emt 0:00:05]} d3 {[%emt 0:00:01]} 16. Rd2 {[%emt 0:00:11]} Qxc4 {[%emt 0:00:18]} 17. Ne5 {[%emt 0:00:04]} Qd5 {[%emt 0:00:09]} 18. Nxg6 {[%emt 0:00:04]} hxg6 {[%emt 0:00:14]} 19. Rg1 {[%emt 0:00:02]} Qa2 {[%emt 0:00:08]} 20. Bxf6 {[%emt 0:00:04]} Qb1+ {[%emt 0:00:08]} 21. Qd1 {[%emt 0:00:05]} Qxd1+ {[%emt 0:00:03]} 22. Kxd1 {[%emt 0:00:01]} dxe2+ {[%emt 0:00:02]} 23. Bxe2 {[%emt 0:00:09]} Rxd2+ {[%emt 0:00:02]} 24. Kxd2 {[%emt 0:00:00]} gxf6 {[%emt 0:00:01]} 25. Rg3 {[%emt 0:00:07]} Bd6 {[%emt 0:00:03]} 26. Rf3 {[%emt 0:00:03]} Be5 {[%emt 0:00:04]} 27. Bc4 {[%emt 0:00:04]} Rh7 {[%emt 0:00:02]} 28. Rd3 {[%emt 0:00:03]} Kc8 {[%emt 0:00:01]} 29. a4 {[%emt 0:00:11]} Bd6 {[%emt 0:00:01]} 30. b5 {[%emt 0:00:04]} Kd8 {[%emt 0:00:02]} 31. Bd5 {[%emt 0:00:03]} b6 {[%emt 0:00:01]} 32. Bc6 {[%emt 0:00:01]} g5 {[%emt 0:00:03]} 33. Kc3 {[%emt 0:00:07]} Ke7 {[%emt 0:00:11]} 34. Kc4 {[%emt 0:00:15]} Rh8 {[%emt 0:00:06]} 35. Be4 {[%emt 0:00:06]} Ke6 {[%emt 0:00:06]} 36. Bf5+ {[%emt 0:00:05]} Ke5 {[%emt 0:00:01]} 37. Re3+ {[%emt 0:00:25]} Kf4 {[%emt 0:00:02]} 38. Kd5 {[%emt 0:00:03]} Bc5 {[%emt 0:00:01]} 39. Rd3 {[%emt 0:00:04]} Bxf2 {[%emt 0:00:04]} 40. Kc6 {[%emt 0:00:01]} Be3 {[%emt 0:00:08]} 41. Rd7 {[%emt 0:00:06]} Rxh3 {[%emt 0:00:14]} 42. Rxc7 {[%emt 0:00:04]} Bd2 {[%emt 0:00:03]} 43. Rxf7 {[%emt 0:00:06]} Ke5 {[%emt 0:00:02]} 44. Re7+ {[%emt 0:00:03]} Kf4 {[%emt 0:00:02]} 45. Rxa7 {[%emt 0:00:10]} Ba5 {[%emt 0:00:01]} 46. Rxa5 {[%emt 0:00:09]} bxa5 {[%emt 0:00:01]} 47. b6 {[%emt 0:00:01]} Rb3 {[%emt 0:00:06]} 48. b7 {[%emt 0:00:04]} Ke5 {[%emt 0:00:01]} 49. Kc7 {[%emt 0:00:03]} Rc3+ {[%emt 0:00:02]} 50. Kb6 {[%emt 0:00:06]} Rb3+ {[%emt 0:00:01]} 51. Ka7 {[%emt 0:00:03]} Kd5 {[%emt 0:00:04]} 52. b8=Q {[%emt 0:00:02]} Rxb8 {[%emt 0:00:02]} 53. Kxb8 {[%emt 0:00:00]} Kc5 {[%emt 0:00:00]} 54. Kc7 {[%emt 0:00:02]} Kb4 {[%emt 0:00:01]} 55. Bd7 {[%emt 0:00:01]} f5 {[%emt 0:00:02]} 56. gxf5 {[%emt 0:00:01]} g4 {[%emt 0:00:01]} 57. f6 {[%emt 0:00:01]} g3 {[%emt 0:00:01]} 58. Bc6 {[%emt 0:00:02]} g2 {[%emt 0:00:01]} 59. Bxg2 {[%emt 0:00:02]} Kxa4 {[%emt 0:00:00]} 60. Bc6+ {[%emt 0:00:01]} Kb3 {[%emt 0:00:01]} 61. f7 {[%emt 0:00:00]} a4 {[%emt 0:00:00]} 62. Bxa4+ {[%emt 0:00:01]} Kc4 {[%emt 0:00:01]} 63. f8=Q {[%emt 0:00:00] Haris kollari 13 resigns Haris kollari 13 resigns Haris kollari 13 resigns (Lag: Av=0.55s, max=1.0s) (Lag: Av=0.55s, max=1.0s) (Lag: Av=0.55s, max=1.0s)} 1-0

[Event "Stay Safe Play From Home 387"]
[Site "Emanuel Lasker Arena"]
[Date "2020.08.16"]
[Round "7"]
[White "Hickey"]
[Black "Don59as"]
[Result "1-0"]
[WhiteElo "2128"]
[BlackElo "1990"]
[Annotator "NA RC"]
[PlyCount "143"]
[EventDate "2020.08.16"]
[EventType "swiss (blitz)"]

1. b3 {[%emt 0:00:02]} d5 {[%emt 0:00:02]} 2. Bb2 {[%emt 0:00:04]} Nf6 {[%emt 0:00:01]} 3. Nf3 {[%emt 0:00:03]} Nc6 {[%emt 0:00:01]} 4. e3 {[%emt 0:00:02]} e6 {[%emt 0:00:01]} 5. Bb5 {[%emt 0:00:02]} Bd7 {[%emt 0:00:02]} 6. O-O {[%emt 0:00:01]} a6 {[%emt 0:00:01]} 7. Bxc6 {[%emt 0:00:01]} Bxc6 {[%emt 0:00:00]} 8. Ne5 {[%emt 0:00:00]} Bd6 {[%emt 0:00:05]} 9. Nxc6 {[%emt 0:00:02]} bxc6 {[%emt 0:00:00]} 10. d3 {[%emt 0:00:00]} O-O {[%emt 0:00:02]} 11. Nd2 {[%emt 0:00:00]} e5 {[%emt 0:00:01]} 12. e4 {[%emt 0:00:02]} Qe7 {[%emt 0:00:03]} 13. Qe2 {[%emt 0:00:06]} Rfe8 {[%emt 0:00:01]} 14. Nf3 {[%emt 0:00:10]} h6 {[%emt 0:00:14]} 15. Nh4 {[%emt 0:00:06]} g6 {[%emt 0:00:07]} 16. Nf3 {[%emt 0:00:04]} Nd7 {[%emt 0:00:04]} 17. Rfe1 {[%emt 0:00:11]} Ba3 {[%emt 0:00:06]} 18. Bc3 {[%emt 0:00:16]} d4 {[%emt 0:00:05]} 19. Bd2 {[%emt 0:00:14]} Kh7 {[%emt 0:00:04]} 20. Rf1 {[%emt 0:00:10]} a5 {[%emt 0:00:04]} 21. g3 {[%emt 0:00:06]} Bb4 {[%emt 0:00:03]} 22. a4 {[%emt 0:00:07]} Rf8 {[%emt 0:00:11]} 23. Bxb4 {[%emt 0:00:11]} Qxb4 {[%emt 0:00:03]} 24. Nd2 {[%emt 0:00:02]} Rae8 {[%emt 0:00:06]} 25. Nc4 {[%emt 0:00:06]} f5 {[%emt 0:00:05]} 26. Qd2 {[%emt 0:00:11]} c5 {[%emt 0:00:20]} 27. Qxb4 {[%emt 0:00:04]} axb4 {[%emt 0:00:00]} 28. f3 {[%emt 0:00:08]} g5 {[%emt 0:00:07]} 29. Kg2 {[%emt 0:00:08]} Kg6 {[%emt 0:00:01]} 30. a5 {[%emt 0:00:02]} Ra8 {[%emt 0:00:08]} 31. a6 {[%emt 0:00:06]} Ra7 {[%emt 0:00:05]} 32. Ra5 {[%emt 0:00:01]} Rf6 {[%emt 0:00:06]} 33. Rfa1 {[%emt 0:00:02]} Rc6 {[%emt 0:00:03]} 34. Kf2 {[%emt 0:00:15]} Kf6 {[%emt 0:00:03]} 35. Ke2 {[%emt 0:00:02]} Nb8 {[%emt 0:00:05]} 36. Rb5 {[%emt 0:00:05]} Raxa6 {[%emt 0:00:09]} 37. Rxa6 {[%emt 0:00:19]} Nxa6 {[%emt 0:00:01]} 38. Rb7 {[%emt 0:00:03]} g4 {[%emt 0:00:13]} 39. exf5 {[%emt 0:00:10]} gxf3+ {[%emt 0:00:01]} 40. Kxf3 {[%emt 0:00:03]} Kxf5 {[%emt 0:00:00]} 41. g4+ {[%emt 0:00:01]} Ke6 {[%emt 0:00:06]} 42. Ke4 {[%emt 0:00:01]} Ke7 {[%emt 0:00:11]} 43. Nxe5 {[%emt 0:00:05]} Re6 {[%emt 0:00:02]} 44. Kf5 {[%emt 0:00:09]} Rf6+ {[%emt 0:00:02]} 45. Ke4 {[%emt 0:00:01]} Rf2 {[%emt 0:00:02]} 46. Ra7 {[%emt 0:00:06]} Nb8 {[%emt 0:00:05]} 47. Rxc7+ {[%emt 0:00:04]} Kd6 {[%emt 0:00:01]} 48. Rb7 {[%emt 0:00:01]} Nc6 {[%emt 0:00:07]} 49. Nxc6 {[%emt 0:00:01]} Kxc6 {[%emt 0:00:01]} 50. Rh7 {[%emt 0:00:01]} Rxh2 {[%emt 0:00:03]} 51. g5 {[%emt 0:00:15]} Rh4+ {[%emt 0:00:02]} 52. Kf5 {[%emt 0:00:03]} hxg5 {[%emt 0:00:03]} 53. Rxh4 {[%emt 0:00:03]} gxh4 {[%emt 0:00:01]} 54. Kg4 {[%emt 0:00:00]} Kd5 {[%emt 0:00:01]} 55. Kxh4 {[%emt 0:00:01]} Ke5 {[%emt 0:00:01]} 56. Kg5 {[%emt 0:00:01]} Ke6 {[%emt 0:00:06]} 57. Kg6 {[%emt 0:00:00]} Ke5 {[%emt 0:00:01]} 58. Kf7 {[%emt 0:00:01]} Kf4 {[%emt 0:00:01]} 59. Ke6 {[%emt 0:00:00]} Ke3 {[%emt 0:00:01]} 60. Kd5 {[%emt 0:00:00]} Kd2 {[%emt 0:00:00]} 61. Kxc5 {[%emt 0:00:00]} Kxc2 {[%emt 0:00:01]} 62. Kc4 {[%emt 0:00:00]} Kb2 {[%emt 0:00:01]} 63. Kxb4 {[%emt 0:00:01]} Kc2 {[%emt 0:00:01]} 64. Kc4 {[%emt 0:00:00]} Kd2 {[%emt 0:00:02]} 65. b4 {[%emt 0:00:00]} Ke2 {[%emt 0:00:02]} 66. b5 {[%emt 0:00:00]} Ke3 {[%emt 0:00:01]} 67. b6 {[%emt 0:00:00]} Kd2 {[%emt 0:00:00]} 68. b7 {[%emt 0:00:00]} Ke3 {[%emt 0:00:00]} 69. b8=Q {[%emt 0:00:00]} Kd2 {[%emt 0:00:00]} 70. Qd6 {[%emt 0:00:00]} Ke3 {[%emt 0:00:01]} 71. Qxd4+ {[%emt 0:00:00]} Kd2 {[%emt 0:00:00]} 72. Qc5 {[%emt 0:00:00] Don59as resigns Don59as resigns Don59as resigns (Lag: Av=0.82s, max=1.0s) (Lag: Av=0.82s, max=1.0s) (Lag: Av=0.82s, max=1.0s)} 1-0

[Event "Stay Safe Play From Home 387"]
[Site "Emanuel Lasker Arena"]
[Date "2020.08.16"]
[Round "7"]
[White "Lazieri3"]
[Black "Ionelluca"]
[Result "0-1"]
[WhiteElo "1926"]
[BlackElo "2014"]
[Annotator "TA"]
[PlyCount "16"]
[EventDate "2020.08.16"]
[EventType "swiss (blitz)"]

{[%evp 9,16,0,0,0,0,4,17,-409,-406]} 1. e4 d6 2. d4 Nf6 3. Bb5+ c6 4. Bd3 e5 5. dxe5 dxe5 6. Nf3 {B07: Pirc Defence: Miscellaneous Systems.} Nbd7 7. O-O Qc7 {[#]} 8. Bb5 $146 {[%mdl 8192] [#]} (8. Nbd2 $11) ({Predecessor:} 8. b3 Be7 9. Bb2 O-O 10. Nbd2 Re8 11. Qe2 Bf8 12. Rad1 g6 13. c4 Bg7 14. Rfe1 {0-1 (64) Arnold,M (1819)-Heymann,W (1851) Hofheim 2013}) 8... cxb5 {White got outplayed after the opening} 0-1

[Event "Stay Safe Play From Home 387"]
[Site "Emanuel Lasker Arena"]
[Date "2020.08.16"]
[Round "7"]
[White "Fingerfehler1"]
[Black "Dukic"]
[Result "0-1"]
[WhiteElo "1628"]
[BlackElo "1696"]
[Annotator "NA RC"]
[PlyCount "82"]
[EventDate "2020.08.16"]
[EventType "swiss (blitz)"]
[WhiteTeam "SC Schwarz-Weiß Zell I"]

{Gißler, Thomas (1699)} 1. e3 {[%emt 0:00:03]} c6 {[%emt 0:00:01]} 2. c4 {[%emt 0:00:02]} d6 {[%emt 0:00:00]} 3. d4 {[%emt 0:00:01]} Nd7 {[%emt 0:00:01]} 4. Nc3 {[%emt 0:00:01]} e5 {[%emt 0:00:01]} 5. Nf3 {[%emt 0:00:01]} Be7 {[%emt 0:00:02]} 6. Bd3 {[%emt 0:00:05]} Ngf6 {[%emt 0:00:01]} 7. e4 {[%emt 0:00:05]} O-O {[%emt 0:00:02]} 8. O-O {[%emt 0:00:04]} Qb6 {[%emt 0:00:02]} 9. dxe5 {[%emt 0:00:08]} dxe5 {[%emt 0:00:02]} 10. b3 {[%emt 0:00:07]} Rd8 {[%emt 0:00:02]} 11. Bb2 {[%emt 0:00:02]} Ng4 {[%emt 0:00:33]} 12. Qc2 {[%emt 0:00:10]} Nc5 {[%emt 0:00:04]} 13. Be2 {[%emt 0:00:04]} Qc7 {[%emt 0:00:14]} 14. b4 {[%emt 0:00:12]} Ne6 {[%emt 0:00:01]} 15. Rad1 {[%emt 0:00:09]} Rxd1 {[%emt 0:00:06]} 16. Rxd1 {[%emt 0:00:00]} Bxb4 {[%emt 0:00:02]} 17. h3 {[%emt 0:00:21]} Nf6 {[%emt 0:00:03]} 18. a3 {[%emt 0:00:06]} Be7 {[%emt 0:00:07]} 19. Nb1 {[%emt 0:00:16]} Nd7 {[%emt 0:00:11]} 20. Nbd2 {[%emt 0:00:09]} f6 {[%emt 0:00:06]} 21. Nb3 {[%emt 0:00:05]} b6 {[%emt 0:00:07]} 22. g4 {[%emt 0:00:10]} c5 {[%emt 0:00:07]} 23. g5 {[%emt 0:00:06]} Nf4 {[%emt 0:00:07]} 24. gxf6 {[%emt 0:00:02]} gxf6 {[%emt 0:00:02]} 25. Kh2 {[%emt 0:00:02]} Nf8 {[%emt 0:00:03]} 26. Rg1+ {[%emt 0:00:06]} Kf7 {[%emt 0:00:04]} 27. Bf1 {[%emt 0:00:11]} Be6 {[%emt 0:00:15]} 28. Nbd2 {[%emt 0:00:10]} Rd8 {[%emt 0:00:10]} 29. Qd1 {[%emt 0:00:37]} Qc8 {[%emt 0:00:06]} 30. Nxe5+ {[%emt 0:00:07]} fxe5 {[%emt 0:00:03]} 31. Bxe5 {[%emt 0:00:06]} N8g6 {[%emt 0:00:03]} 32. Bxf4 {[%emt 0:00:20]} Nxf4 {[%emt 0:00:01]} 33. Qf3 {[%emt 0:00:02]} Bd6 {[%emt 0:00:08]} 34. Kh1 {[%emt 0:00:06]} Be5 {[%emt 0:00:05]} 35. Qg3 {[%emt 0:00:10]} Rxd2 {[%emt 0:00:08]} 36. Qh4 {[%emt 0:00:12]} Qh8 {[%emt 0:00:32]} 37. Rg5 {[%emt 0:00:15]} Rd1 {[%emt 0:00:15]} 38. Kg1 {[%emt 0:00:03]} Bxh3 {[%emt 0:00:08]} 39. Rxe5 {[%emt 0:00:03]} Qxe5 {[%emt 0:00:02]} 40. Qxh7+ {[%emt 0:00:02]} Ke6 {[%emt 0:00:03]} 41. Qg8+ {[%emt 0:00:01]} Ke7 {[%emt 0:00:02] Zeit Zeit Zeit (Lag: Av=0.68s, max=1.3s) (Lag: Av=0.68s, max=1.3s) (Lag: Av=0.68s, max=1.3s)} 0-1

[Event "Stay Safe Play From Home 387"]
[Site "Emanuel Lasker Arena"]
[Date "2020.08.16"]
[Round "7"]
[White "Möwe"]
[Black "Timbre"]
[Result "0-1"]
[WhiteElo "1595"]
[BlackElo "1621"]
[Annotator "NA RC"]
[PlyCount "112"]
[EventDate "2020.08.16"]
[EventType "swiss (blitz)"]

1. e4 {[%emt 0:00:01]} c6 {[%emt 0:00:17]} 2. d4 {[%emt 0:00:01]} d5 {[%emt 0:00:01]} 3. e5 {[%emt 0:00:07]} Bf5 {[%emt 0:00:02]} 4. Ne2 {[%emt 0:00:02]} e6 {[%emt 0:00:01]} 5. Ng3 {[%emt 0:00:02]} Bg6 {[%emt 0:00:04]} 6. h4 {[%emt 0:00:02]} h6 {[%emt 0:00:01]} 7. h5 {[%emt 0:00:01]} Bh7 {[%emt 0:00:01]} 8. Bd3 {[%emt 0:00:02]} Bxd3 {[%emt 0:00:03]} 9. Qxd3 {[%emt 0:00:01]} a6 {[%emt 0:00:01]} 10. Bf4 {[%emt 0:00:07]} c5 {[%emt 0:00:02]} 11. dxc5 {[%emt 0:00:03]} Bxc5 {[%emt 0:00:03]} 12. Nd2 {[%emt 0:00:06]} Nc6 {[%emt 0:00:02]} 13. Nb3 {[%emt 0:00:02]} Ba7 {[%emt 0:00:04]} 14. O-O-O {[%emt 0:00:04]} Nge7 {[%emt 0:00:03]} 15. Be3 {[%emt 0:00:11]} Bxe3+ {[%emt 0:00:03]} 16. Qxe3 {[%emt 0:00:02]} Qc7 {[%emt 0:00:08]} 17. f4 {[%emt 0:00:02]} O-O-O {[%emt 0:00:05]} 18. Rd3 {[%emt 0:00:18]} Kb8 {[%emt 0:00:02]} 19. Nd4 {[%emt 0:00:05]} Nxd4 {[%emt 0:00:03]} 20. Qxd4 {[%emt 0:00:01]} Nc6 {[%emt 0:00:03]} 21. Qc5 {[%emt 0:00:02]} Rc8 {[%emt 0:00:03]} 22. Rc3 {[%emt 0:00:04]} Qd7 {[%emt 0:00:03]} 23. Qd6+ {[%emt 0:00:04]} Qxd6 {[%emt 0:00:07]} 24. exd6 {[%emt 0:00:01]} Rhd8 {[%emt 0:00:01]} 25. f5 {[%emt 0:00:01]} Rxd6 {[%emt 0:00:03]} 26. fxe6 {[%emt 0:00:01]} fxe6 {[%emt 0:00:04]} 27. Rf1 {[%emt 0:00:05]} Rc7 {[%emt 0:00:04]} 28. Rf8+ {[%emt 0:00:02]} Ka7 {[%emt 0:00:03]} 29. a3 {[%emt 0:00:07]} Rcd7 {[%emt 0:00:07]} 30. Rcf3 {[%emt 0:00:15]} Ne5 {[%emt 0:00:05]} 31. Rc3 {[%emt 0:00:07]} Nc4 {[%emt 0:00:07]} 32. Ne2 {[%emt 0:00:18]} e5 {[%emt 0:00:07]} 33. a4 {[%emt 0:00:14]} e4 {[%emt 0:00:06]} 34. b3 {[%emt 0:00:02]} Ne5 {[%emt 0:00:09]} 35. a5 {[%emt 0:00:09]} Nc6 {[%emt 0:00:07]} 36. b4 {[%emt 0:00:12]} Nxb4 {[%emt 0:00:06]} 37. Rcc8 {[%emt 0:00:02]} b6 {[%emt 0:00:19]} 38. Ra8+ {[%emt 0:00:06]} Kb7 {[%emt 0:00:02]} 39. Rfb8+ {[%emt 0:00:01]} Kc7 {[%emt 0:00:02]} 40. axb6+ {[%emt 0:00:07]} Rxb6 {[%emt 0:00:06]} 41. Rc8+ {[%emt 0:00:01]} Kd6 {[%emt 0:00:06]} 42. Nd4 {[%emt 0:00:15]} Nc6 {[%emt 0:00:09]} 43. Nf5+ {[%emt 0:00:11]} Ke5 {[%emt 0:00:10]} 44. g4 {[%emt 0:00:03]} Rdb7 {[%emt 0:00:12]} 45. Rf8 {[%emt 0:00:13]} Nd4 {[%emt 0:00:11]} 46. Rae8+ {[%emt 0:00:04]} Kf4 {[%emt 0:00:04]} 47. Nxd4+ {[%emt 0:00:02]} Ke3 {[%emt 0:00:02]} 48. Nb3 {[%emt 0:00:06]} a5 {[%emt 0:00:08]} 49. Ra8 {[%emt 0:00:18]} Rc7 {[%emt 0:00:07]} 50. Rxa5 {[%emt 0:00:07]} Rxb3 {[%emt 0:00:06]} 51. Rxd5 {[%emt 0:00:01]} Rbc3 {[%emt 0:00:02]} 52. Rd2 {[%emt 0:00:02]} Ra7 {[%emt 0:00:13]} 53. Rff2 {[%emt 0:00:04]} Rc4 {[%emt 0:00:13]} 54. Rde2+ {[%emt 0:00:06]} Kd4 {[%emt 0:00:01]} 55. Rf4 {[%emt 0:00:03]} Re7 {[%emt 0:00:08]} 56. Kd2 {[%emt 0:00:05]} Kd5 {[%emt 0:00:05] Zeit Zeit Zeit (Lag: Av=0.75s, max=1.1s) (Lag: Av=0.75s, max=1.1s) (Lag: Av=0.75s, max=1.1s)} 0-1

[Event "Stay Safe Play From Home 387"]
[Site "Emanuel Lasker Arena"]
[Date "2020.08.16"]
[Round "7"]
[White "Salza1"]
[Black "chungaers"]
[Result "1-0"]
[WhiteElo "1371"]
[BlackElo "1390"]
[Annotator "NA RC"]
[PlyCount "67"]
[EventDate "2020.08.16"]
[EventType "swiss (blitz)"]
[WhiteTeam "SF Bad Tölz"]

{Ullrich, Alfred (1356)} 1. e4 {[%emt 0:00:03]} c5 {[%emt 0:00:02]} 2. c3 {[%emt 0:00:03]} g6 {[%emt 0:00:03]} 3. d4 {[%emt 0:00:01]} cxd4 {[%emt 0:00:01]} 4. cxd4 {[%emt 0:00:01]} Bg7 {[%emt 0:00:02]} 5. Nf3 {[%emt 0:00:03]} d6 {[%emt 0:00:01]} 6. Be3 {[%emt 0:00:03]} Nf6 {[%emt 0:00:03]} 7. Nc3 {[%emt 0:00:02]} a6 {[%emt 0:00:06]} 8. Bd3 {[%emt 0:00:03]} O-O {[%emt 0:00:02]} 9. O-O {[%emt 0:00:01]} b5 {[%emt 0:00:03]} 10. h3 {[%emt 0:00:02]} Bb7 {[%emt 0:00:03]} 11. Nd2 {[%emt 0:00:19]} Nc6 {[%emt 0:00:10]} 12. Ne2 {[%emt 0:00:13] chungaers reconnected. chungaers reconnected. chungaers reconnected.} Rc8 {[%emt 0:01:25]} 13. Rc1 {[%emt 0:00:05]} Nb4 {[%emt 0:00:20]} 14. Bb1 {[%emt 0:00:04]} e5 {[%emt 0:00:13]} 15. a3 {[%emt 0:00:03]} Nc6 {[%emt 0:00:05]} 16. d5 {[%emt 0:00:01]} Nb8 {[%emt 0:00:07]} 17. f3 {[%emt 0:00:06]} Nbd7 {[%emt 0:00:02]} 18. Nb3 {[%emt 0:00:17] chungaers reconnected. chungaers reconnected. chungaers reconnected.} Nb6 {[%emt 0:00:21]} 19. Bd3 {[%emt 0:00:06]} Nfd7 {[%emt 0:00:09]} 20. Qd2 {[%emt 0:00:02]} Na4 {[%emt 0:00:18]} 21. Bh6 {[%emt 0:00:10]} Bxh6 {[%emt 0:00:08]} 22. Qxh6 {[%emt 0:00:01]} Nxb2 {[%emt 0:00:04]} 23. Bb1 {[%emt 0:00:05]} Qb6+ {[%emt 0:00:12]} 24. Kh2 {[%emt 0:00:03]} Nc4 {[%emt 0:00:03]} 25. g4 {[%emt 0:00:06]} Nxa3 {[%emt 0:00:23]} 26. Ng3 {[%emt 0:00:15] chungaers reconnected. chungaers reconnected. chungaers reconnected.} Nxb1 {[%emt 0:00:08]} 27. Rg1 {[%emt 0:00:10]} Rxc1 {[%emt 0:00:05]} 28. Rxc1 {[%emt 0:00:02]} Qf2+ {[%emt 0:00:04]} 29. Kh1 {[%emt 0:00:05]} Qxf3+ {[%emt 0:00:01]} 30. Kh2 {[%emt 0:00:06]} Qf2+ {[%emt 0:00:03]} 31. Kh1 {[%emt 0:00:02]} Na3 {[%emt 0:00:05]} 32. Nh5 {[%emt 0:00:06]} Qf3+ {[%emt 0:00:05]} 33. Kh2 {[%emt 0:00:02] ' ' '} gxh5 {[%emt 0:00:01]} 34. gxh5 {[%emt 0:00:11] TimeB TimeB TimeB} 1-0

[Event "Stay Safe Play From Home 387"]
[Site "Emanuel Lasker Arena"]
[Date "2020.08.16"]
[Round "7"]
[White "Ben Kur"]
[Black "Ghostwind"]
[Result "0-1"]
[WhiteElo "985"]
[BlackElo "1251"]
[Annotator "NA RC"]
[PlyCount "82"]
[EventDate "2020.08.16"]
[EventType "swiss (blitz)"]

1. d4 {[%emt 0:00:04]} e5 {[%emt 0:00:00]} 2. c4 {[%emt 0:00:06]} exd4 {[%emt 0:00:02]} 3. Qxd4 {[%emt 0:00:04]} Nc6 {[%emt 0:00:02]} 4. Qc3 {[%emt 0:00:08]} Bb4 {[%emt 0:00:08]} 5. Nf3 {[%emt 0:00:18]} Bxc3+ {[%emt 0:00:04]} 6. Nxc3 {[%emt 0:00:00]} Nf6 {[%emt 0:00:04]} 7. Bg5 {[%emt 0:00:01]} h6 {[%emt 0:00:11]} 8. Bxf6 {[%emt 0:00:12]} Qxf6 {[%emt 0:00:03]} 9. g3 {[%emt 0:00:04]} d6 {[%emt 0:00:06]} 10. Bg2 {[%emt 0:00:02]} Bd7 {[%emt 0:00:02]} 11. O-O {[%emt 0:00:02]} O-O-O {[%emt 0:00:05]} 12. Nd5 {[%emt 0:00:05]} Qe6 {[%emt 0:00:28]} 13. Rad1 {[%emt 0:00:12]} Kb8 {[%emt 0:00:05]} 14. e3 {[%emt 0:00:17]} Ne5 {[%emt 0:00:06]} 15. a4 {[%emt 0:00:10]} Bc6 {[%emt 0:00:02]} 16. b4 {[%emt 0:00:16]} Be8 {[%emt 0:00:13]} 17. b5 {[%emt 0:00:06]} Nxc4 {[%emt 0:00:07]} 18. Nxc7 {[%emt 0:00:20]} Kxc7 {[%emt 0:00:05]} 19. Rc1 {[%emt 0:00:06]} d5 {[%emt 0:00:03]} 20. Nd4 {[%emt 0:00:07]} Qg6 {[%emt 0:00:30]} 21. Bxd5 {[%emt 0:00:13]} Rxd5 {[%emt 0:00:06]} 22. Rxc4+ {[%emt 0:00:04]} Kb8 {[%emt 0:00:02]} 23. Rfc1 {[%emt 0:00:12]} Rd8 {[%emt 0:00:12]} 24. a5 {[%emt 0:00:14]} f6 {[%emt 0:00:12]} 25. Ne6 {[%emt 0:00:07]} Bf7 {[%emt 0:00:12]} 26. Nxd8 {[%emt 0:00:20]} Bxc4 {[%emt 0:00:03]} 27. Nxb7 {[%emt 0:00:12]} Kxb7 {[%emt 0:00:05]} 28. Rxc4 {[%emt 0:00:02]} Rd8 {[%emt 0:00:09]} 29. a6+ {[%emt 0:00:03]} Kb6 {[%emt 0:00:04]} 30. Kg2 {[%emt 0:00:06]} Qd3 {[%emt 0:00:17]} 31. Rc6+ {[%emt 0:00:06]} Kxb5 {[%emt 0:00:03]} 32. Rc7 {[%emt 0:00:03]} g5 {[%emt 0:00:14]} 33. Rxa7 {[%emt 0:00:01]} Ka5 {[%emt 0:00:23]} 34. Rf7 {[%emt 0:00:03]} Qd5+ {[%emt 0:00:03]} 35. Kg1 {[%emt 0:00:06]} Qxf7 {[%emt 0:00:00]} 36. f3 {[%emt 0:00:02]} f5 {[%emt 0:00:02]} 37. Kg2 {[%emt 0:00:01]} h5 {[%emt 0:00:02]} 38. Kh3 {[%emt 0:00:01]} Qc4 {[%emt 0:00:04]} 39. Kg2 {[%emt 0:00:03]} g4 {[%emt 0:00:03]} 40. f4 {[%emt 0:00:03]} Rd2+ {[%emt 0:00:03]} 41. Kh1 {[%emt 0:00:05]} Qc1# {[%emt 0:00:02] Mate Mate Mate Mate Mate Mate} 0-1